| 000 | 00516nam a22001697a 4500 | ||
|---|---|---|---|
| 082 |
_aT-168 _bCEM |
||
| 100 |
_aTashfeen Yousaf _948540 |
||
| 245 | _aDevelopment of Safety Index for Construction Industry of Pakistan | ||
| 260 |
_aRisalpur Cantt _bMCE _cc2014 |
||
| 300 | _aP 114 | ||
| 526 |
_a0 _b0 _c0 _dT_168_CEM |
||
| 526 |
_a0 _b0 _c0 _dT_168_CEM |
||
| 650 |
_aThesis _934811 |
||
| 700 |
_aConstruction Engineering and Management _948541 |
||
| 700 |
_aDr. Muhammad Bilal Khurshid, Lt Col _948333 |
||
| 942 |
_2ddc _cBK |
||
| 999 |
_c551446 _d551446 |
||